000 00313nam a2200145Ia 4500
100 _aTawade.P.P/ Borole P.B.
490 _vI
942 _cBK
654 _amicroprocessors
245 _aMicroporocessors
260 _bTech. Publications
_aPune
_c1995
082 _a4.16
_bPAN
546 _aENGLISH
999 _c20830
_d20830